000 00756nam a2200241Ia 4500
003 OSt
005 20220925232822.0
006 a|||||r|||| 00| 0
007 ta
008 220923b |||||||| |||| 00| 0 eng d
020 _c
_35.95
037 _b507dt, 14/01/1986, SBD
_cGeneral Book
040 _aRTL
_cRTL
_beng
041 _2eng
_aeng
082 _aXxM88S:g, M5
100 _aPack Spencer J
_9253901
245 0 _aReconstructing Marxiam economics
_b Marx based upon a sraffian commodity theory of value
260 _aNew York
_bPraegar
_c1985
300 _aviii, 163p
_ccm.
500 _aBibliography: P 141-55
942 _hXxM88S:g, M5
_cGB
_2CC
999 _c592222
_d592222